|
|
|
|
| LEADER |
01062cam a2200265 7i4500 |
| 001 |
0000003570 |
| 005 |
20170127090000.0 |
| 020 |
|
|
|a 0201662094 (hbk.)
|
| 020 |
|
|
|a 9780201662092
|
| 090 |
0 |
0 |
|a QA303
|b .T44 2000
|
| 100 |
1 |
|
|a Thomas, George B
|
| 245 |
1 |
0 |
|a Thomas' calculus :
|b early transcendentals
|c based on the original work by George B. Thomas, Jr. ; as revised by Ross L. Finney, Maurice D. Weir, and Frank R. Giordano.
|
| 250 |
|
|
|a 10th ed.
|
| 260 |
|
|
|a Boston:
|b Addison-Wesley,
|c 2000.
|
| 300 |
|
|
|a xxvi, 1256 p.:
|b col. ill.;
|c 27 cm..
|
| 501 |
|
|
|a With CD-ROM : Thomas' calculus : early transcendentals
|
| 504 |
|
|
|a Includes bibliographical references and index
|
| 650 |
0 |
0 |
|a Geometry, Analytic
|
| 650 |
0 |
0 |
|a Calculus
|
| 700 |
1 |
|
|a Weir, Maurice D
|
| 700 |
1 |
|
|a Giordan, Frank R
|
| 700 |
1 |
|
|a Finney, Ross L
|
| 997 |
|
0 |
|a Engineering & Life Sciences, Faculty
|b Science & Biotechnology, Department
|
| 999 |
|
|
|a 0000008447
|b BOK
|c OPEN SHELF
|e 2nd Floor, Bestari Jaya
|
| 999 |
|
|
|a CDR0001256
|b CD-ROM
|c OPEN SHELF
|e Circulation Counter, Bestari Jaya
|